Norges dekorative Malerkunst gjennem 1000 ar. / (Record no. 79214)

MARC details
000 -LEADER
campo de control de longitud fija 00775nam a2200217 i 4500
001 - NÚMERO DE CONTROL
campo de control 79214
003 - IDENTIFICADOR DE NÚMERO DE CONTROL
campo de control ES-MaACL
005 - FECHA Y HORA DE LA ÚLTIMA TRANSACCIÓN
campo de control 20250815144910.0
007 - CAMPO FIJO DE DESCRIPCIÓN FÍSICA--INFORMACIÓN GENERAL
campo de control de longitud fija t|
008 - DATOS DE LONGITUD FIJA--INFORMACIÓN GENERAL
campo de control de longitud fija 041020s1952 no f |||| | nor d
245 00 - MENCIÓN DEL TÍTULO
Título Norges dekorative Malerkunst gjennem 1000 ar. /
Mención de responsabilidad, etc. Bildende Kunstneres Styre-Johansens Boktrykkeri.
260 ## - PUBLICACIÓN, DISTRIBUCIÓN, ETC.
Lugar de publicación, distribución, etc. [Oslo] :
Nombre del editor, distribuidor, etc. Distribuer av Narvesens Kioskkompani,
Fecha de publicación, distribución, etc. [1952]
300 ## - DESCRIPCIÓN FÍSICA
Extensión 26 p., 150 lám. ;
Dimensiones 17 cm.
500 ## - NOTA GENERAL
Nota general Texto (por Ulrick Hendricksen y Reidar Revold) en noruego, inglés, francés y español.
650 #7 - PUNTO DE ACCESO ADICIONAL DE MATERIA--TÉRMINO DE MATERIA
Término de materia o nombre geográfico como elemento de entrada Pintura noruega
Fuente del encabezamiento o término embne
9 (RLIN) 165719
700 1# - ENTRADA AGREGADA--NOMBRE PERSONAL
Nombre de persona Revold, Reidar.
9 (RLIN) 96453
700 1# - ENTRADA AGREGADA--NOMBRE PERSONAL
Nombre de persona Hendricksen, Ulrick.
9 (RLIN) 62529
710 2# - ENTRADA AGREGADA--NOMBRE DE ENTIDAD CORPORATIVA
Nombre de entidad corporativa o nombre de jurisdicción como elemento de entrada Bildende Kunstneres Styre.
9 (RLIN) 165720
852 ## - LOCALIZACIÓN
Ubicación ES-MaACL
Número de control de estantería C-12127
Holdings
Estatus retirado Estado de pérdida Estado de daño No para préstamo Biblioteca de origen Biblioteca actual Ubicación en estantería Fecha de adquisición Fuente de adquisición Total de préstamos Signatura topográfica completa Código de barras Visto por última vez Precio de reemplazo Tipo de ítem Koha
        Biblioteca del Ateneo de Madrid Biblioteca del Ateneo de Madrid Sala Palomar 17/01/2008     C-12127 1082841 23/02/2023 23/02/2023 Libro impreso